Genetic technology : A new Frontier

Kaydedildi:
Detaylı Bibliyografya
Materyal Türü: Kitap
Dil:Undetermined
Baskı/Yayın Bilgisi: Boulder, Colorado Westview Press 1982
Konular:
Etiketler: Etiketle
Etiket eklenmemiş, İlk siz ekleyin!
Thư viện lưu trữ: Trung tâm Học liệu Trường Đại học Cần Thơ
LEADER 00496nam a2200181Ia 4500
001 CTU_79991
008 210402s9999 xx 000 0 und d
082 |a 660.65 
082 |b T255 
245 0 |a Genetic technology : 
245 2 |b A new Frontier 
245 0 |c Office of Technology Assessment 
260 |a Boulder, Colorado 
260 |b Westview Press 
260 |c 1982 
650 |a Genetic engineering 
904 |i Trọng Hải 
980 |a Trung tâm Học liệu Trường Đại học Cần Thơ